000 00807 a2200229 4500
001 sjds
003 sjds
005 20240423161127.0
008 240423b |||||||| |||| 00| 0 spa d
020 _a9788426389947
020 _a8426389945
040 _csjds
041 _aspa
100 _aHuertas, Rosa
245 _aLa caja de los tesoros
_cRosa Huertas, Kike de la Rubia
260 _aZaragoza, Spain :
_bEdelvives,
_cc2013.
300 _a141 pages :
_b illustrations ;
_c20 cm
440 _a Ala delta
520 _aSummer vacation at the beach will change Sophia's life and that of Miguel. In their hands lies the fate of not only their lives but also the future of a very special place that can disappear if it falls into the hands of speculators
700 1 _aRubia, Kike de la
942 _cBK
999 _c29436
_d29434